Metody řízení paralelní simulace

Bibliographic Details
Main Authors: Polaczek, L. (Author), Hlavička, Jan, 1942-2002 (Author)
Format: Article
Language:Czech
PhysicalDescription:Tb. 1., lit. 3 zázn. v angl.
Subjects:

MARC

LEADER 00000nab a2200000 a 4500
001 vtls000382024
003 SK-MaSNL
005 20260304210758.0
008 160201c1988 xo 0 cze
015 |a SNBRA19rr/mm-uuuuu 
035 |a CL0382146 
040 |a SNKBUCL  |b slo  |c SNKBUCL  |e AACR2 
041 0 |a cze 
044 |a xo  |c SK 
080 |a 681.323:621.382.049.77.001.573  |2 1981 
080 |a 621.382.049.77.001.573  |2 1981 
080 |a 519.872  |2 1981 
100 1 |a Polaczek, L.  |4 aut  |9 1542325 
245 1 0 |a Metody řízení paralelní simulace  |c L. Polaczek, J. Hlavička 
300 |b Tb. 1., lit. 3 zázn. v angl. 
650 0 7 |a obvody integrované číslicové  |2 snkbucl  |9 951915 
650 0 7 |a paralelná simulácia  |2 snkbucl  |9 1542326 
655 7 |a články zo zborníkov  |2 snkbucl  |9 166140 
700 1 |a Hlavička, Jan,  |d 1942-2002  |4 aut  |9 25565 
773 0 |t Mikrosystém 88  |d Bratislava : Dom techniky ČSVTS, 1988  |g S. 56-57 
850 |a Slovenská národná knižnica v Martine  |a MTA001 
852 |a SNK  |b KIS3GCP 
958 |a RK 
958 |a CZ 
992 |a RZB 
999 |c 3127488  |d 3129418